000 01189nam a22002537a 4500
005 20170124103206.0
010 _aA-835917
020 _c183.00
_a8171372066
035 _aA-835917
037 _bCen Lib/Ret
040 _aDPL
_bHN
082 _a954
_bभार्गव
100 _aभार्गव, वी.एस.
_993854
245 _aभारतीय इतिहास :
_cवी.एस.भार्गव
_bप्राचीन काल से 1757 ईसवी तक /
246 _aBharteey itihas : pracheen kal se 1757 isvee tak /
_bby V.S.Bhargav
260 _bराजस्थान हिन्दी ग्रन्थ अकादमी
_c1996
_aजयपुर
270 _aए-26/2, विद्यालय मार्ग, तिलक नगर
_bजयपुर
_e302 004
300 _axiii,482पृ.
_c20सेमी(सजिल्द)
650 _aभारत -- इतिहास
_93679
650 _aभारत -- सभ्यता और संस्कृति
_980765
650 _aIndia - History
_924174
650 _aIndia - Civilization and Culture
_993855
942 _2ddc
_cHN
_h954
_mभार्गव
999 _c121002
_d121002